Представление документа в формате RUSMARC

ПолеНазваниеЗначение
  Тип записи a
  Библиографический уровень m
001 Контрольный номер 816ef913007d4244a98dbeeede818d54
005 Дата корректировки 20230529141729.5
010 Индекс ISBN __
a ISBN 978-5-91103-531-0
010 Индекс ISBN __
a ISBN 978-5-4330-0141-1
d Цена 1102-59
100 Данные общей обработки __
a Данные общей обработки 20221006d2020 m y0rusy028902 ca
101 Язык документа 1_
a Язык текста rus
c Язык оригинала eng
102 Страна публикации __
a Страна публикации RU
105 Кодированные данные (монография) __
a Кодированные данные (монография) a z 001yy
181 Поле кодированных данных: вид содержания _0
a Код вида содержания (ISBD) i
182 Поле кодированных данных: тип средства _0
a Код типа средства (ISBD) n
200 Заглавие и сведения об ответственности 1_
a Заглавие Станем ли мы все веганами?
e Сведения, относящиеся к заглавию введение в XXI век
e Сведения, относящиеся к заглавию более 180 иллюстраций
f Первые сведения об ответственности Молли Уотсон
g Последующие сведения об ответственности перевод [Александра Дунавева]
203 Вид содержания и тип средства __
a Вид содержания Текст
c Тип средства непосредственный
210 Выходные данные 1_
a Место издания Москва
c Издательство Ад Маргинем Пресс
c Издательство ABCdesign
d Дата издания 2020
215 Физическое описание __
a Объем 143 с.
c Иллюстрации/тип воспроизводства ил., цв. ил., цв. фот., портр.
d Формат 23 см
225 Серия 2_
a Серия The Big Idea
f Сведения об ответственности редактор: Мэтью Тейлор
225 Серия 2_
a Серия А + А
320 Библиография __
a Библиография Библиография: с. 136-137
320 Библиография __
a Библиография Источники иллюстраций: с. 138-139
320 Библиография __
a Библиография Указатель: с. 140-143
330 Аннотация __
a Аннотация Экологические издержки и этические проблемы, связанные с интенсивным животноводством, заставляют все большее число людей переходить к образу жизни, в котором нет места продуктам животного происхождения. Настало ли время полностью отказаться от эксплуатации животных и обратиться к веганству? Будет ли полезна для нашего здоровья диета, состоящая исключительно из растительных продуктов? Как повлияет переход большинства населения к веганству на мировую экономику и на планету в целом? Есть ли смысл во флекситарианстве? Молли Уотсон рассматривает историю веганства, его принципы и влияние в масштабах индивида, общества и всей планеты, а также дает оценку тому, как повлияет на экологию, экономику и наше здоровье масштабная перемена в пищевых привычках.
454 Оригинал _0
1 2001
a Should We All Be Vegan?
517 Другие варианты заглавия 1_
a Другие варианты заглавия А+А
532 Расширенное заглавие 10
a Расширенное заглавие Введение в 21 век
540 Дополнительное заглавие, сделанное каталогизатором 10
a Дополнительное заглавие, сделанное каталогизатором Введение в двадцать первый век
606 Тематические рубрики __
2 Код системы nlr_sh
a Основная рубрика Этика
606 Тематические рубрики __
2 Код системы nlr_sh
a Основная рубрика Социальная этика
606 Тематические рубрики __
2 Код системы nlr_sh
a Основная рубрика Здравоохранение. Медицинские науки
606 Тематические рубрики __
2 Код системы nlr_sh
a Основная рубрика Гигиена питания
610 Ключевые слова 0_
a Ключевые слова веганство
610 Ключевые слова 0_
a Ключевые слова потребление мяса
610 Ключевые слова 0_
a Ключевые слова экология
610 Ключевые слова 0_
a Ключевые слова диеты
610 Ключевые слова 0_
a Ключевые слова окружающая среда
610 Ключевые слова 0_
a Ключевые слова здоровье
610 Ключевые слова 0_
a Ключевые слова рацион
610 Ключевые слова 0_
a Ключевые слова веганский рацион
610 Ключевые слова 0_
a Ключевые слова этическое веганство
610 Ключевые слова 0_
a Ключевые слова эксплуатация животных
610 Ключевые слова 0_
a Ключевые слова вегетарианство
610 Ключевые слова 0_
a Ключевые слова отказ от мяса
610 Ключевые слова 0_
a Ключевые слова знаменитые веганы
610 Ключевые слова 0_
a Ключевые слова жестокое обращение с животными
686 Индексы других классификаций __
2 Код системы rubbks
a Классификационный индекс 51.230.3
686 Индексы других классификаций __
2 Код системы rubbks
a Классификационный индекс 87.751.0; ст51.23 + ст87.7
700 Автор _1
a Фамилия Уотсон
b Имя М.
g Полное личное имя Молли
4 Код отношения 070
702 Вторичная интеллектуальная ответственность _1
a Фамилия Тейлор
b Имя М.
g Полное личное имя Мэтью
4 Код отношения 340
702 Вторичная интеллектуальная ответственность _1
a Фамилия Дунаев
b Имя А. А.
g Полное личное имя Александр Александрович
4 Код отношения 730
801 Источник записи _0
a Страна RU
b Организация Муниципальное бюджетное учреждение культуры "Централизованная библиотечная система" г. Сургут (Центральная городская библиотека им. А. С. Пушкина)
g Правила каталогизации PSBO
c Дата составления 20221006
801 Источник записи _1
a Страна RU
b Организация Муниципальное бюджетное учреждение культуры "Централизованная библиотечная система" г. Сургут (Центральная городская библиотека им. А. С. Пушкина)
g Правила каталогизации PSBO
c Дата составления 20221006
852 Данные о местонахождении __
i Авторский знак У 65
j Шифр хранения 51.230.3
900 Макрообъекты __
a Макрообъекты Станем ли мы все веганами, 2020
901 Тип документа __
t Тип документа m
a Ответственный КиК/Обаева
903 Характеристики (МАРС) __
c Наименование библиотеки (МАРС) Муниципальное бюджетное учреждение культуры "Централизованная библиотечная система" г. Сургут (Центральная городская библиотека им. А. С. Пушкина)
a Дата передачи 20221006
990 Данные о заказе (DOS) __
j Количество экземпляров (DOS) 3
t N записи в КСУ для И/У (DOS) 202210